Towns and cities: guess the region - Statistics

General Stats
  • This quiz has been taken 15 times
  • The average score is 15 of 20
Answer Stats
Hint Explanation Answer % Correct
Lubumbashi D.R. Congo Haut-Katanga
91%
Lahore Pakistan Punjab
91%
Salvador Brazil Bahia
82%
Christchurch New Zealand Canterbury
82%
Dnipro Ukraine Dnipropetrovsk
82%
Nantes France Loire-Atlantique
82%
Warsaw Poland Masovian Voivodeship
82%
Monterrey Mexico Nuevo León
82%
Yekaterinburg Russia Sverdlovsk
82%
Chennai India Tamil Nadu
82%
Nuku'Alofa Tonga Tongatapu
82%
Burgos Spain Castile y León
73%
Port Sudan Sudan Red Sea
73%
Bregenz Austria Vorarlberg
73%
Monterey U.S.A. California
64%
Maldon England Essex
64%
Chur Switzerland Graubünden
64%
Keetmanshoop Namibia !Karas
55%
Byblos Lebanon Keserwan-Jbeil
55%
Hyesan North Korea Ryanggang
45%
No matching quizzes found
Score Distribution
Percent of People with Each Score
Percentile by Number Answered
Your Score History
You have not taken this quiz